000 00841nam a22002417a 4500
005 2009102706056.0
008 091027t xxu||||| |||| 00| 0 eng d
010 _aENG-95221
020 _a978007014001
_c350.00
020 _a0070141002
035 _aEN-78754
037 _bDBAD/PUB
040 _aDPL
082 _a621.3
100 _aKulshreshtha, D.C.
245 _aBasic electrical engineering /
_cby D.C.Kulshreshtha
260 _aNew Delhi
_bTata MaGraw Hill Education
_c2009
270 _a7, West Patel Nagar
_bNew Delhi
_e110008
300 _axvii, 849p.
_c24 cm.(Pbk).
504 _aIncludes Index
942 _2ddc
_cEN
_mKUL
_h621.3
999 _c31063
_d31063